Catholic University of Zimbabwe Library
Online Public Access Catalogue
(OPAC)

Entanglements in Legal History: Conceptual Approaches (Record no. 26053)

MARC details
000 -LEADER
fixed length control field 03639cam a22004334a 4500
001 - CONTROL NUMBER
control field muse84191
003 - CONTROL NUMBER IDENTIFIER
control field MdBmJHUP
005 - DATE AND TIME OF LATEST TRANSACTION
control field 20210127151525.0
006 - FIXED-LENGTH DATA ELEMENTS--ADDITIONAL MATERIAL CHARACTERISTICS
fixed length control field m o d
007 - PHYSICAL DESCRIPTION FIXED FIELD--GENERAL INFORMATION
fixed length control field cr||||||||nn|n
008 - FIXED-LENGTH DATA ELEMENTS--GENERAL INFORMATION
fixed length control field 180119t20142014gw o 00 0 eng d
010 ## - LIBRARY OF CONGRESS CONTROL NUMBER
Canceled/invalid LC control number 2017434658
020 ## - INTERNATIONAL STANDARD BOOK NUMBER
International Standard Book Number 9783944773100
020 ## - INTERNATIONAL STANDARD BOOK NUMBER
Canceled/invalid ISBN 9783944773001
020 ## - INTERNATIONAL STANDARD BOOK NUMBER
Canceled/invalid ISBN 3944773004
035 ## - SYSTEM CONTROL NUMBER
System control number (OCoLC)1145417005
040 ## - CATALOGING SOURCE
Original cataloging agency MdBmJHUP
Transcribing agency MdBmJHUP
050 04 - LIBRARY OF CONGRESS CALL NUMBER
Classification number K160
Item number .E58 2014
245 00 - TITLE STATEMENT
Title Entanglements in Legal History: Conceptual Approaches
Statement of responsibility, etc. Thomas Duve (ed.).
300 ## - PHYSICAL DESCRIPTION
Extent 1 online resource (vii, 568 pages) :
Other physical details illustrations ;
490 0# - SERIES STATEMENT
Series statement Global perspectives on legal history ;
Volume/sequential designation volume 1
504 ## - BIBLIOGRAPHY, ETC. NOTE
Bibliography, etc. note Includes bibliographical references.
505 00 - FORMATTED CONTENTS NOTE
Title Entanglements in legal history : introductory remarks /
Statement of responsibility Thomas Duve --
Title European legal history : concepts, methods, challenges /
Statement of responsibility Thomas Duve --
Title Coding the nation : codification history from a (post-)global perspective /
Statement of responsibility Inge Kroppenberg, Nikolaus Linder --
Title Towards new conceptual approaches in legal history : rethinking "Hindu law" through Weber's sociology of religion /
Statement of responsibility Geetanjali Srikantan --
Title Legal transplants between time and space /
Statement of responsibility George Rodrigo Bandeira Galindo --
Title Ancient entanglements : the influence of Greek treaties in Roman 'international law' under the framework of narrative transculturation /
Statement of responsibility Emiliano J. Buis --
Title A transnational empire built on law : the case of the commercial jurisprudence of the House of Trade of Seville (1583-1598) /
Statement of responsibility Ana Belem Fernández Castro --
Title Entangled up in red, white, and blue : Spanish West Florida and the American territory of Orleans, 1803-1810 /
Statement of responsibility Seán Patrick Donlan --
Title German colonial law and comparative law, 1884-1919
Statement of responsibility Jakob Zollmann --
Title Napoleon in America? Reflections on the concept of 'legal reception' in the light of the civil law codification in Latin America /
Statement of responsibility Francisco J. Andres Santos --
Title Libraries of civil codes as mirrors of normative transfers from Europe to the Americas : the experiences of Lorimier in Quebec (1871-1890) and Varela in Argentina (1873-1875) /
Statement of responsibility Agustín Parise --
Title Translations of the "American model" in nineteenth century Argentina : constitutional culture as a global legal entanglement /
Statement of responsibility Eduardo Zimmermann --
Title Modern constitutionalism and legal transfer : the political offence in the French Charte Constitutionnelle (1830) and the Belgian Constitution (1831) /
Statement of responsibility Bram Delbecke --
Title Discovering legal silence : global legal history and the liquidation of state bankruptcies (1854-1907) /
Statement of responsibility Lea Heimbeck --
Title The history of European international law from a global perspective : entanglements in eighteenth and nineteenth century India /
Statement of responsibility Clara Kemme --
Title Global criminology and national tradition : the impact of reform movements on criminal systems at the beginning of the 20th century /
Statement of responsibility Michele Pifferi.
506 0# - RESTRICTIONS ON ACCESS NOTE
Terms governing access Open Access
Standardized terminology for access restriction Unrestricted online access
Source of term star
588 ## - SOURCE OF DESCRIPTION NOTE
Source of description note Description based on print version record.
650 #0 - SUBJECT ADDED ENTRY--TOPICAL TERM
Topical term or geographic name entry element Law.
Source of heading or term fast
Authority record control number or standard number (OCoLC)fst00993678
650 #0 - SUBJECT ADDED ENTRY--TOPICAL TERM
Topical term or geographic name entry element Law
General subdivision History.
655 #0 - INDEX TERM--GENRE/FORM
Genre/form data or focus term History.
Source of term fast
Authority record control number (OCoLC)fst01411628
655 #7 - INDEX TERM--GENRE/FORM
Genre/form data or focus term Electronic books.
Source of term local
700 1# - ADDED ENTRY--PERSONAL NAME
Personal name Duve, Thomas,
Dates associated with a name 1967-
Relator term editor.
710 2# - ADDED ENTRY--CORPORATE NAME
Corporate name or jurisdiction name as entry element Max-Planck-Institut für Europäische Rechtsgeschichte,
Relator term issuing body.
710 2# - ADDED ENTRY--CORPORATE NAME
Corporate name or jurisdiction name as entry element Project Muse.
Relator term distributor
830 #0 - SERIES ADDED ENTRY--UNIFORM TITLE
Uniform title Global perspectives on legal history ;
Volume/sequential designation v. 1.
830 #0 - SERIES ADDED ENTRY--UNIFORM TITLE
Uniform title Book collections on Project MUSE.
856 40 - ELECTRONIC LOCATION AND ACCESS
Public note Full text available:
Uniform Resource Identifier <a href="https://muse.jhu.edu/book/73800/">https://muse.jhu.edu/book/73800/</a>
Holdings
Withdrawn status Lost status Source of classification or shelving scheme Damaged status Not for loan Home library Current library Shelving location Date acquired Total Checkouts Full call number Date last seen Uniform Resource Identifier Price effective from Koha item type
          Digital Library Digital Library Online Access 27.01.2021   K160 .E58 2014 27.01.2021 https://muse.jhu.edu/book/73800/ 27.01.2021 eBook

OPENING HOURS

Weekdays: 0815hrs - 1800hrs
Weekends:0900hrs - 1200hrs

Closed for Mass:

Mon, Thur: 1200hrs - 1300hrs
Sunday & Public Holiday’s

CALL SUPPORT

0242-570570, 0242-570169
09200664, +263 8644140602

LOCATION

18443, Cranborne Avenue, Hatfield, Harare

Other Links


©2021 | CUZ Library